Szczegóły MARC21

XV Sejmik Morski "Małe porty morskie oraz ich otoczenie lokalne i regionalne" : Kamień Pomorski, 20-21 maja 1999 /

005 -DATA I CZAS OSTATNIEJ MODYFIKACJI [,]
    • @
    • pole kontrolne
    • 20110725123228.0
040 -Instytucja sporządzająca opis [ , ]
    • a
    • Instytucja, która sporządziła opis (NP)
    • SZCZ U
    • c
    • Instytucja, która sporządziła rekord (NP)
    • SZCZ U
    • d
    • Instytucja, która zmodyfikowała rekord (P)
    • SZCZ U/JŚ
041 -Język dokumentu [0, ]
    • a
    • Język tekstu (P)
    • polski
044 -Kraj miejsca wydania [ , ]
    • a
    • Kraj miejsca wydania
    • Polska
942 -Rodzaj dokumentu [ , ]
    • c
    • Rodzaj dokumentu
    • Książka
111 -Hasło główne - nazwa imprezy [2, ]
    • 9
    • KHW
    • 25535
    • a
    • Nazwa imprezy (NP)
    • Sejmik Morski Find
    • n
    • Numer imprezy (P)
    • (15 ;
    • d
    • Data imprezy (NP)
    • 1999 ;
    • c
    • Miejsce imprezy (NP)
    • Kamień Pomorski).
245 -Strefa tytułu i oznaczenia odpowiedzialności [0,0]
    • a
    • Tytuł
    • XV Sejmik Morski "Małe porty morskie oraz ich otoczenie lokalne i regionalne" : Find
    • b
    • Ciąg dalszy tytułu (NP)
    • Kamień Pomorski, 20-21 maja 1999 / Find
    • c
    • Pozostałe elementy strefy tytułu i oznaczenia odpowiedzialności (NP)
    • Katolickie Stowarzyszenie "Civitas Christiana". Ośrodek Myśli Morskiej.
246 -Wariant tytułu [ ,3]
    • a
    • Tytuł (NP)
    • Małe porty morskie oraz ich otoczenie lokalne i regionalne
260 -Strefa adresu wydawniczego [ , ]
    • a
    • Miejsce wydania (P)
    • Szczecin :
    • b
    • Nazwa wydawcy (P)
    • "Civitas Christiana",
    • c
    • Data wydania (P)
    • 1999.
300 -Strefa opisu fizycznego [ , ]
    • a
    • Określenie formy książki i/lub objętość (NP)
    • 263 s. :
    • b
    • Oznaczenie ilustracji (NP)
    • il. ;
    • c
    • Format (NP)
    • 21 cm.
500 -Uwaga ogólna [ , ]
    • a
    • Uwaga ogólna (NP)
    • Na okł. i s. red. ISSN 1231-1782 dla Sejmików.
504 -Uwaga dot. bibliogr. załącznikowej [ , ]
    • a
    • Uwaga dot. bibliografii załącznikowej
    • Bibliogr.
080 -Uniwersalna Klasyfikacja Dziesiętna [ , ]
    • a
    • Symbol klasyfikacji
    • 627.2/.3
    • 2
    • Identyfikator wydania tablic
    • UDC-P058
    • 9
    • UKD
    • 5138
    • b
    • Dopowiedzenie
    • Budownictwo portowe. Porty. Przystanie. Redy. Falochrony. Mola. Pirsy. Nabrzeża. Urządzenia portowe
    • 4
    • UKD2
    • 7641
    • x
    • Poddział wspólny
    • (061)
    • c
    • Dopowiedzenie poddz. wspólnego
    • (Wydawnictwa odnoszące się do konferencji, zjazdów itd. Sprawozdania z konferencji).
080 -Uniwersalna Klasyfikacja Dziesiętna [ , ]
    • a
    • Symbol klasyfikacji
    • 338.4(26)
    • 2
    • Identyfikator wydania tablic
    • UDC-P058
    • 9
    • UKD
    • 3234
    • b
    • Dopowiedzenie
    • Gospodarka morska.
    • 4
    • UKD2
    • 7641
    • x
    • Poddział wspólny
    • (061)
    • c
    • Dopowiedzenie poddz. wspólnego
    • (Wydawnictwa odnoszące się do konferencji, zjazdów itd. Sprawozdania z konferencji).
980 -Symbol UKD [ , ]
    • a
    • UKD
    • 627.2/.3:338.4(26)](061)
Data inwentaryzacji Lokalizacja Status udost. Numer inwentarzowy Sygnatura
2011-01-12BG1Z.114974 
2000-04-12T-2T.2101T.2101
2001-02-09T-2T.4216T.4216